| 000 | 01512nam0a2200337 i 4500 | ||
|---|---|---|---|
| 001 | RU\NLR\bibl\1942576 | ||
| 005 | 20240921135817.0 | ||
| 010 |
_a9785600000285 _91500 |
||
| 021 |
_aRU _b2012-61155 _94476 |
||
| 035 | _a(NLR Aleph) 001931838 | ||
| 090 |
_a3446388 _c3446388 |
||
| 100 | _a20120907d2012 u y0rusy50 ca | ||
| 101 | 0 | _arus | |
| 102 | _aRU | ||
| 105 | _ay ||||||||| | ||
| 200 | 1 |
_aЯзыковая политика и национальная безопасность: пути взаимодействия _eмонография _fКостюк Майя Евгеньевна |
|
| 210 |
_aМосква _c[б. и.] _d2012 |
||
| 215 |
_a399, [2] с. _d20 |
||
| 320 | _aБиблиогр.: с. 347-387 (197 назв.) и в подстроч. примеч. | ||
| 606 | 1 |
_aЯзыковая политика _yРоссийская Федерация _92188479 _3RU\NLR\auth\661315691 |
|
| 606 | 1 |
_aЯзыковая политика _xПравовое регулирование _yРоссийская Федерация _92400793 _3RU\NLR\auth\661431090 |
|
| 606 | 1 |
_aНациональная безопасность _xПравовое регулирование _yРоссийская Федерация _92238047 _3RU\NLR\auth\661343061 |
|
| 686 | _aШ121(2Р) | ||
| 686 | _aХ620.8 | ||
| 686 | _aХ621.162 | ||
| 700 | 1 |
_aКостюк _bМ. Е. _gМайя Евгеньевна _4070 |
|
| 801 | 0 |
_aRU _bNLR _c20120907 _gRCR |
|
| 801 | 1 |
_aRU _bNLR _c20120907 |
|
| 942 | _cBOOK | ||
| 980 | _aNBR | ||